000 00445nam a2200193Ia 4500
005 20250603145746.0
008 250603s9999 xx 000 0 und d
020 _a9780273793311
050 _aQA 76.73 .C153 .G33/
100 _aGaddis, Tony
245 0 _aStarting out with C++ : early objects
250 _a8th ed.
260 _aBoston
260 _bPearson
260 _c2014
300 _a1248 p
650 _aBoston
942 _cBK
999 _c42766
_d42766